Spoločenský marketing prípadové štúdie

Salvato in:
Dettagli Bibliografici
Autore principale: Hanuláková, Eva, 1964-
Ente Autore: Ekonomická univerzita v Bratislave. Obchodná fakulta
Altri autori: Pročková, Adriana, Richterová, Kornélia, Pokojná, Zuzana
Natura: Libro
Lingua:slovacco
Pubblicazione: Bratislava Vydavateľstvo EKONÓM 2002
Edizione:1. vyd.
Soggetti:
Tags: Aggiungi Tag
Nessun Tag, puoi essere il primo ad aggiungerne!!

MARC

LEADER 00000nam a2200000 4500
001 c141011
005 20221124092947.4
020 |a 80-225-1619-8 
041 0 |a slo 
044 |a SK 
245 1 0 |a Spoločenský marketing  |b prípadové štúdie  |c Eva Hanuláková, Adriana Pročková ; recenzovali: Kornélia Richterová, Zuzana Pokojná 
250 |a 1. vyd. 
264 1 |a Bratislava  |b Vydavateľstvo EKONÓM  |c 2002 
300 |a 120 s. 
610 2 0 |a marketing spoločenský 
610 2 0 |a manažéri 
610 2 0 |a spotrebitelia 
610 2 0 |a predaj 
610 2 0 |a komunikácia manažérska 
610 2 0 |a etika 
610 2 0 |a etika podnikateľská 
610 2 0 |a komunikácia 
610 2 0 |a manažment 
610 2 0 |a komunikácia marketingová 
610 2 0 |a marketing sociálny 
610 2 0 |a reklama 
610 2 0 |a marketing 
610 2 0 |a kampane reklamné 
610 2 0 |a označovanie tovarov 
610 2 0 |a správanie spotrebiteľa 
610 2 0 |a environmentalistika 
610 2 0 |a obaly 
100 1 |a Hanuláková, Eva, 1964- 
700 1 |a Pročková, Adriana 
700 1 |a Richterová, Kornélia 
700 1 |a Pokojná, Zuzana 
710 2 |a Ekonomická univerzita v Bratislave. Obchodná fakulta